Central Library OPAC University of Rajshahi
Normal view MARC view

Entry Uniform Title

Number of records used in: 2

001 - CONTROL NUMBER

  • control field: 1530

003 - CONTROL NUMBER IDENTIFIER

  • control field: BD-RjUL

005 - DATE AND TIME OF LATEST TRANSACTION

  • control field: 20220222141102.0

008 - FIXED-LENGTH DATA ELEMENTS

  • fixed length control field: 220222|| aca||aabn | a|a d

040 ## - CATALOGING SOURCE

  • Original cataloging agency: BD-RjUL
  • Transcribing agency: BD-RjUL

130 ## - HEADING--UNIFORM TITLE

  • Uniform title: ; دريسات قصيرة في الادب والتاريخ والفلسفة

670 ## - SOURCE DATA FOUND

  • Source citation: Work cat.: (BD-RjUL)79441: فروخ، عمر.;; Farrūkh, ʿUmar, 1906-1987 1528, إخوان الصفا :;; Ikhwān al-Ṣafā :, 1953.